| 000 | 01238cab a2200253 4500 | ||
|---|---|---|---|
| 001 | ABS58602 | ||
| 008 | 090401t1998 xxu||||| |||| 00| 0 eng d | ||
| 035 | _a(Sirsi) u85932 | ||
| 041 | _aeng | ||
| 245 | _aStar Rider Ltd v Inntrepreneur Pub Co | ||
| 260 | _c1998 | ||
| 350 | _a0 | ||
| 490 |
_aEstates Gazette Law Reports _v(1998) 16 E140-145(6) |
||
| 520 | _aChD 8 December 1997. S occupied public house, on an agreement for a lease. Subject to terms of the lease, S had to purchase first defendant`s specialised beers. S incurred arrears of licence fees and ceased purchase of beers under the tie clause. S issued proceedings under the Treaty of Rome article 85(1), claiming damages, due to tie clause. First defendant issued notice to quit on S, claiming possession and arrear of licence fees. S sought relief from forfeiture. Held, Judgment given to first defendant. Agreed that S should have relief from forfeiture upon certain terms. | ||
| 650 | _aFORFEITURE | ||
| 650 |
_aLANDLORD AND TENANT _96252 |
||
| 650 | _aLEASE | ||
| 650 | _aPUBLIC HOUSE | ||
| 650 | _aSTAR RIDER LTD V INNTREPRENEUR PUB CO | ||
| 650 | _aTREATY OF ROME ART 85 | ||
| 690 | _aLANDLORD AND TENANT-CASE LAW | ||
| 942 | _n0 | ||
| 948 | _c30/04/1998 | ||
| 999 |
_c54061 _d54061 |
||